logo

Bir Sreshtho Munshi Abdur Rouf Library
Jhenaidah Cadet College

সাহিত্য ও সংস্কৃতি সাধনা / (Record no. 3988)

MARC details
000 -LEADER
fixed length control field 00605nam a2200193 a 4500
003 - CONTROL NUMBER IDENTIFIER
JCCL marc code BD-JhCC
005 - DATE AND TIME OF LATEST TRANSACTION
control field 20171120182737.0
008 - FIXED-LENGTH DATA ELEMENTS--GENERAL INFORMATION
fixed length control field 171120b bg ||||| |||| 00| 0 ben d
035 ## - SYSTEM CONTROL NUMBER
system control number (BD-JhCC)
040 ## - CATALOGING SOURCE
Original cataloging agency BD-JhCC
Modifying agency BD-JhCC
041 ## - LANGUAGE CODE
Language code of Book ben
082 ## - DEWEY DECIMAL CLASSIFICATION NUMBER
Classification number 891.4409
Author mark and Year FOJ
100 ## - MAIN ENTRY--PERSONAL NAME
Personal name ফজল, আবুল
245 ## - TITLE STATEMENT
Title সাহিত্য ও সংস্কৃতি সাধনা /
Statement of responsibility, etc আবুল ফজল.
260 ## - PUBLICATION, DISTRIBUTION, ETC. (IMPRINT)
Place of publication, distribution, etc ঢাকা :
Name of publisher, distributor, etc ইষ্ট বেঙ্গল পাব্লিশার্স,
300 ## - PHYSICAL DESCRIPTION
Pagination 286 p. :
Dimensions 21 cm.
650 ## - SUBJECT ADDED ENTRY--TOPICAL TERM
Topical term or geographic name as entry element Bengali Literature

No items available.


JCC Library | Contacts | JCC Home

Last Update on 23 September 2017
Copyright @ 2017-2020 JCC Rouf Library
Rouf Library, Jhenidah Cadet College (JCC), Bangladesh